000
00195nam a2200073Ia 4500
008
170817s9999 xx 000 0 und d
100
_a
Veer.Udai
245
0
_a
Information To School Psychology
260
_b
Anmol Publications Delhi
999
_c
38891
_d
38891